|
|
|
|
| LEADER |
00000nam0a2200000 4500 |
| 001 |
118423 |
| 005 |
20231101215453.0 |
| 035 |
|
|
|a (RuTPU)RU\TPU\book\128145
|
| 090 |
|
|
|a 118423
|
| 100 |
|
|
|a 20070611d1980 m y0rusy50 ca
|
| 101 |
0 |
|
|a rus
|
| 102 |
|
|
|a RU
|
| 105 |
|
|
|a a j 001zy
|
| 200 |
1 |
|
|a Термическая обработка металлов и оборудование термических цехов
|e учебное пособие для технических училищ
|f Е. Н. Николаев
|
| 210 |
|
|
|a Москва
|c Высшая школа
|d 1980
|
| 215 |
|
|
|a 192 с.
|c ил.
|
| 320 |
|
|
|a Библиогр.: с. 190
|
| 606 |
1 |
|
|a Термическая обработка металлов
|2 stltpush
|3 (RuTPU)RU\TPU\subj\68426
|9 83756
|
| 606 |
1 |
|
|a Термические цехи
|x Оборудование
|2 stltpush
|3 (RuTPU)RU\TPU\subj\59900
|9 77395
|
| 610 |
1 |
|
|a металловедение
|
| 610 |
1 |
|
|a сталь
|
| 610 |
1 |
|
|a конструкционные стали
|
| 610 |
1 |
|
|a инструментальные стали
|
| 610 |
1 |
|
|a сплавы с особыми свойствами
|
| 610 |
1 |
|
|a стальные детали
|
| 610 |
1 |
|
|a чугунные детали
|
| 610 |
1 |
|
|a поверхностное упрочнение
|
| 610 |
1 |
|
|a чугун
|
| 610 |
1 |
|
|a качество
|
| 610 |
1 |
|
|a контроль
|
| 610 |
1 |
|
|a охрана труда
|
| 610 |
1 |
|
|a стандартизация
|
| 610 |
1 |
|
|a учебные пособия
|
| 675 |
|
|
|a 621.785(075.3)
|v 4
|
| 675 |
|
|
|a 621.78(075.3)
|v 4
|
| 700 |
|
1 |
|a Николаев
|b Е. Н.
|g Евгений Николаевич
|
| 801 |
|
1 |
|a RU
|b 63413507
|c 20070611
|g PSBO
|
| 801 |
|
2 |
|a RU
|b 63413507
|c 20210426
|g PSBO
|
| 942 |
|
|
|c BK
|